| 000 | 00391nam a2200145Ia 4500 | ||
|---|---|---|---|
| 999 |
_c20664 _d20664 |
||
| 082 | _aTV.0089 | ||
| 100 | _aVaikuntham, Y. | ||
| 245 | 0 | _aSpread of education and social change in Andhra : 1880-1920 | |
| 260 |
_c1979 _bOsmania University |
||
| 300 | _a470p. | ||
| 650 | _aEDUCATION - ANDHRA PRADESH - 1880-1920 | ||
| 650 | _aSOCIAL CHANGE | ||
| 710 | _aRegani, Sarojini | ||
| 942 |
_cTH _2ddc |
||